|
|
|
|
| LEADER |
00765nab a2200193 i 4500 |
| 001 |
acta29488 |
| 005 |
20210412091315.0 |
| 008 |
161017s1960 hu o 0|| eng d |
| 022 |
|
|
|a 0001-6969
|
| 040 |
|
|
|a SZTE Egyetemi Kiadványok Repozitórium
|b hun
|
| 041 |
|
|
|a eng
|
| 100 |
1 |
|
|a Grätzer George A.
|
| 245 |
1 |
3 |
|a On inaccessible and minimal congruence relations
|h [elektronikus dokumentum] :
|b I. To professor Ladislaus Rédei on his 60th birthday /
|c Grätzer George A.
|
| 260 |
|
|
|c 1960
|
| 300 |
|
|
|a 337-342
|
| 490 |
0 |
|
|a Acta scientiarum mathematicarum
|v 21 No. 3-4
|
| 695 |
|
|
|a Természettudomány, Matematika, Művelődés
|
| 700 |
0 |
1 |
|a Schmidt Eligius Tamás
|e aut
|
| 856 |
4 |
0 |
|u http://acta.bibl.u-szeged.hu/29488/1/math_021_fasc_003_004_337-342.pdf
|z Dokumentum-elérés
|